000 00411nam a22001697a 4500
003 OSt
005 20211123111849.0
008 211123b |||||||| |||| 00| 0 eng d
020 _a0889368880
040 _cHU
082 _a338
100 _aMKANDAWIRE SOLIDO
_920076
245 _aAFERICAN VOICE ON STRACTURAL ADFJUSTEMENT
260 _aNEW DEHALI
_bNAYROBI
_c2003
300 _a505
942 _2ddc
_cBOOKS
_n0
999 _c19727
_d19727